Central Library OPAC University of Rajshahi
Normal view MARC view

Entry Topical Term

Number of records used in: 2

001 - CONTROL NUMBER

  • control field: 13033

003 - CONTROL NUMBER IDENTIFIER

  • control field: BD-RjUL

005 - DATE AND TIME OF LATEST TRANSACTION

  • control field: 20240515180309.0

008 - FIXED-LENGTH DATA ELEMENTS

  • fixed length control field: 240515|| aca||aabn | a|a d

040 ## - CATALOGING SOURCE

  • Original cataloging agency: BD-RjUL
  • Transcribing agency: BD-RjUL

150 ## - HEADING--TOPICAL TERM

  • Topical term or geographic name entry element: Family
  • Form subdivision: Cytomorphological
  • Geographic subdivision: Bangladesh

670 ## - SOURCE DATA FOUND

  • Source citation: Work cat.: (BD-RjUL)83756: Mannan, Md. Abdul 3542, Cytomorphological studies in the families adiantaceae, pteridaceae and thelypteridaceae of the western zone of Bangladesh /, 2004